000 00804nam a22002417a 4500
005 20180803165623.0
008 150113b xxu||||| |||| 00| 0 spa d
040 _aCO-BoIAVH
_cCO-BoIAVH
041 _aspa
044 _ack
090 _aEA
_b00248
110 1 _aColombia
_bJardín Botánico del Quindío
_931335
245 _aRescate y Conservación de la Sabiduría sobre la Flora Medicinal del Quindío
260 _aQuindío :
_bGobernación del Quindío,
_c2004.
300 _a31 pag
_b Fot (col)
_c24 cm.
650 4 _aPlantas medicinales
_931336
650 _aPlantas aromáticas
_92208
650 6 _aBotánica
_xInvestigaciones
_931337
650 4 _aEtnobotánica
_992498
650 _aMedicina alternativa
_918815
700 _aVelásquez-Gaviria, Mauricio
_eFot.
_931327
942 _2z
_cLIBRO
999 _c8956
_d8956